000 00523nam a2200157Ia 4500
008 151021s9999 xx 000 0 und d
020 _a273651773
050 _aHF 5549 .H78424 1990
245 _a_International Human Resource Management Globalization, National Systems and Multinational Companies Tony Edwards
260 _aEngland Pearson Education 2006
300 _axx,295p.
500 _aIncludes index.
650 _a_Human resource management
700 _a_Chris Rees
980 _a^d20120113 10:25:17^oanne
999 _c6424
_d6424